| 000 | 00438nam a2200181Ia 4500 | ||
|---|---|---|---|
| 001 | 21065 | ||
| 005 | 20260306172852.0 | ||
| 008 | 260306t1998||||xx |||||||||||||| ||spa|| | ||
| 041 | _aESP | ||
| 082 |
_a344 _bJ414 N° 11 |
||
| 100 |
_aJakobs, Günther, _eAUT |
||
| 245 | 0 | _aEl concepto jurídico-penal de acción | |
| 260 | _c1998 | ||
| 300 |
_a51 páginas : _c21 cm. |
||
| 650 | _aGEN | ||
| 654 | _aCDE | ||
| 942 |
_cLIB _dJUS _fJUS _2ddc _n |
||
| 999 |
_c21065 _d21065 |
||